[Event "SUI-ch op 122nd"]
[Site "Leukerbad"]
[Date "2023.07.16"]
[Round "2"]
[White "Joie, Sebastien"]
[Black "Steenhuis, Jan"]
[Result "1-0"]
[WhiteElo "2379"]
[BlackElo "2087"]
[PlyCount "85"]
[EventDate "2023.07.07"]
[EventType "swiss"]
[EventRounds "9"]
[EventCountry "SUI"]
[SourceTitle "EXT 2024"]
[Source "ChessBase"]
[SourceDate "2023.10.10"]
[SourceVersion "1"]
[SourceVersionDate "2023.10.10"]
[SourceQuality "1"]

1. e4 c5 2. d4 cxd4 3. Qxd4 Nc6 4. Qd3 Nf6 5. Nc3 g6 6. Nf3 Bg7 7. Nd5 0-0 8. c3 d6 9. Bg5 Nxd5 10. exd5 Bf5 11. Qd2 Ne5 12. Nxe5 Bxe5 13. Be2 Re8 14. 0-0 a6 15. a4 Bd7 16. h4 h5 17. a5 b5 18. Bd3 Qc8 19. f4 Bg7 20. f5 Qc5+ 21. Kh1 Qxd5 22. fxg6 f6 23. Bf5 Qxd2 24. Bxd2 e6 25. Be4 d5 26. Bf3 f5 27. Bg5 b4 28. cxb4 Bxb2 29. Rab1 Bc3 30. Rfc1 Rec8 31. Bxh5 Kg7 32. g3 Be8 33. Bf4 e5 34. Rxc3 exf4 35. Rxc8 Rxc8 36. gxf4 Kh6 37. Be2 Bxg6 38. Bxa6 Rc2 39. Bb7 Rd2 40. a6 Ra2 41. b5 d4 42. Bd5 Ra5 43. b6 1-0

[Event "SUI-chT"]
[Site "Switzerland"]
[Date "2016.06.12"]
[Round "5.5"]
[White "Kaczmarczyk, Dennis"]
[Black "Steenhuis, Jan"]
[Result "1-0"]
[WhiteElo "2415"]
[BlackElo "2123"]
[PlyCount "87"]
[EventDate "2016.03.20"]
[EventType "team-tourn"]
[EventRounds "9"]
[EventCountry "SUI"]
[SourceTitle "EXT 2017"]
[Source "ChessBase"]
[SourceDate "2016.10.25"]
[SourceVersion "1"]
[SourceVersionDate "2016.10.25"]
[SourceQuality "1"]
[WhiteTeam "Winterthur"]
[BlackTeam "Echallens"]
[WhiteTeamCountry "SUI"]
[BlackTeamCountry "SUI"]

1. d4 Nf6 2. c4 g6 3. Nc3 Bg7 4. e4 d6 5. h3 0-0 6. Be3 e5 7. d5 a5 8. g4 Na6 9. Nge2 Nd7 10. Qd2 Ndc5 11. Ng3 Qe8 12. Be2 f5 13. gxf5 gxf5 14. exf5 Bxf5 15. Nxf5 Rxf5 16. Rg1 Kh8 17. 0-0-0 Qe7 18. Rg4 Rg8 19. Rdg1 Rff8 20. Bd1 Bf6 21. Bc2 Qf7 22. Qd1 Rxg4 23. Rxg4 Be7 24. a3 Nd7 25. Ne4 Nf6 26. Nxf6 Qxf6 27. Kb1 Nc5 28. Qg1 Qf7 29. Bh6 Rg8 30. Rxg8+ Qxg8 31. Qg4 Qxg4 32. hxg4 Nd7 33. f3 Nf6 34. Ka2 Ng8 35. Bd2 b6 36. Kb3 Kg7 37. Ka4 h6 38. Kb5 Bf6 39. Kc6 e4 40. Bxe4 Bxb2 41. a4 Bd4 42. Kxc7 Bc5 43. Bf4 Nf6 44. Bc2 1-0

[Event "SUI-chT"]
[Site "Switzerland"]
[Date "2011.08.28"]
[Round "7.6"]
[White "Preissmann, Emmanuel"]
[Black "Steenhuis, Jan"]
[Result "1/2-1/2"]
[WhiteElo "2305"]
[BlackElo "2103"]
[PlyCount "83"]
[EventDate "2011.02.27"]
[EventType "team-tourn"]
[EventRounds "9"]
[EventCountry "SUI"]
[SourceTitle "EXT 2012"]
[Source "ChessBase"]
[SourceDate "2011.11.24"]
[SourceVersion "1"]
[SourceVersionDate "2011.11.24"]
[SourceQuality "1"]
[WhiteTeam "Geneve"]
[BlackTeam "Echallens"]
[WhiteTeamCountry "SUI"]
[BlackTeamCountry "SUI"]

1. e4 c5 2. c3 Nf6 3. e5 Nd5 4. Nf3 g6 5. d4 cxd4 6. Qxd4 e6 7. Bc4 Nc6 8. Qe4 Nb6 9. Bb3 Bg7 10. 0-0 0-0 11. Rd1 f6 12. exf6 Qxf6 13. Bg5 Qf5 14. Nbd2 d5 15. Qxf5 gxf5 16. Be3 Bd7 17. Bd4 Nxd4 18. cxd4 a5 19. a3 Rfc8 20. Rac1 Bh6 21. h4 Bf4 22. g3 Bd6 23. Re1 Rxc1 24. Rxc1 Rc8 25. Rxc8+ Nxc8 26. Ne1 Nb6 27. f4 Ba4 28. Bxa4 Nxa4 29. Nd3 b6 30. Kf2 Kf7 31. Ke2 Ke7 32. Kd1 b5 33. Nb3 b4 34. axb4 Bxb4 35. Nbc1 Bd6 36. Nb3 Bb4 37. Kc2 Nb6 38. Nxb4 axb4 39. Nd2 Nc4 40. Nf1 Kd7 41. b3 Nd6 42. Kd3 1/2-1/2

[Event "SUI-chT"]
[Site "Switzerland"]
[Date "2011.02.27"]
[Round "1.6"]
[White "Wirthensohn, Heinz"]
[Black "Steenhuis, Jan"]
[Result "1-0"]
[WhiteElo "2384"]
[BlackElo "2118"]
[PlyCount "109"]
[EventDate "2011.02.27"]
[EventType "team-tourn"]
[EventRounds "9"]
[EventCountry "SUI"]
[SourceTitle "CBM 141 Extra"]
[Source "ChessBase"]
[SourceDate "2011.05.03"]
[SourceVersion "1"]
[SourceVersionDate "2011.05.03"]
[SourceQuality "1"]
[WhiteTeam "Reichenstein"]
[BlackTeam "Echallens"]
[WhiteTeamCountry "SUI"]
[BlackTeamCountry "SUI"]

1. Nf3 d5 2. c4 c6 3. e3 Nf6 4. Nc3 g6 5. d4 Bg7 6. Bd3 0-0 7. 0-0 dxc4 8. Bxc4 Nbd7 9. e4 Nb6 10. Bb3 Bg4 11. Be3 Qd7 12. h3 Be6 13. Ne5 Qd6 14. f4 Bxb3 15. Qxb3 Nfd7 16. Nf3 e6 17. Rad1 Qe7 18. Bf2 Rfc8 19. Bh4 Bf6 20. Bxf6 Nxf6 21. f5 exf5 22. exf5 Nfd5 23. fxg6 hxg6 24. Ne5 Rf8 25. Rf3 Qd6 26. Rdf1 Rae8 27. Nxd5 Nxd5 28. Nxf7 Qe7 29. Ne5 Rxf3 30. Rxf3 Qh4 31. Qd3 Nf4 32. Qc4+ Nd5 33. Nxg6 Re1+ 34. Kh2 Qg5 35. Rg3 Rh1+ 36. Kxh1 Qxg3 37. Ne7+ Kf8 38. Nxd5 Qe1+ 39. Kh2 cxd5 40. Qc8+ Ke7 41. Qxb7+ Kf6 42. Qc6+ Kg7 43. Qxd5 Qd2 44. Qe5+ Kg6 45. d5 Kh6 46. d6 Kg6 47. Qe6+ Kh7 48. d7 Qf4+ 49. Kg1 Qc1+ 50. Kf2 Qd2+ 51. Kg3 Qg5+ 52. Kf3 Qh5+ 53. Qg4 Qf7+ 54. Kg3 Qd5 55. Qh4+ 1-0

[Event "Lenk op 22nd"]
[Site "Lenk"]
[Date "2010.04.02"]
[Round "2"]
[White "Steenhuis, Jan"]
[Black "Lehmann, Andreas"]
[Result "0-1"]
[WhiteElo "2096"]
[BlackElo "2321"]
[PlyCount "102"]
[EventDate "2010.04.01"]
[EventType "swiss"]
[EventRounds "7"]
[EventCountry "SUI"]
[SourceTitle "CBM 135 Extra"]
[Source "ChessBase"]
[SourceDate "2010.05.04"]
[SourceVersion "1"]
[SourceVersionDate "2010.05.04"]
[SourceQuality "1"]

1. d4 d5 2. c4 c6 3. Nc3 Nf6 4. Nf3 dxc4 5. a4 Bf5 6. Nh4 Bc8 7. Nf3 Bg4 8. Ne5 Bh5 9. Nxc4 Nbd7 10. f3 e6 11. e4 Bb4 12. Be2 Nb6 13. Qb3 a5 14. Be3 0-0 15. 0-0 Nfd7 16. Rfd1 Nxc4 17. Bxc4 Qc7 18. Ne2 e5 19. Rac1 exd4 20. Nxd4 Bd6 21. h3 Bc5 22. Nf5 Bxe3+ 23. Qxe3 Ne5 24. Bb3 Rad8 25. g4 Bg6 26. f4 Bxf5 27. gxf5 Nd7 28. Rd3 b6 29. Bc2 Nc5 30. Rxd8 Rxd8 31. Kh1 Qd6 32. Rd1 Qf6 33. Rg1 Qd4 34. Qxd4 Rxd4 35. Rg2 Nxe4 36. Bxe4 Rxe4 37. Rc2 c5 38. Rd2 h6 39. Rd6 Rb4 40. Kg2 Rxb2+ 41. Kg3 Rb4 42. Rd8+ Kh7 43. Rf8 f6 44. Rb8 c4 45. Kf3 c3 46. Rc8 Rxa4 47. Rxc3 Rb4 48. Rc8 b5 49. Ke3 a4 50. Ra8 Rb3+ 51. Kd4 a3 0-1

[Event "Martigny op 17th"]
[Site "Martigny"]
[Date "2008.08.02"]
[Round "3"]
[White "Steenhuis, Jan"]
[Black "Sermier, Guillaume"]
[Result "0-1"]
[WhiteElo "2162"]
[BlackElo "2366"]
[PlyCount "58"]
[EventDate "2008.08.01"]
[EventType "swiss"]
[EventRounds "9"]
[EventCountry "SUI"]
[SourceTitle "EXT 2009"]
[Source "ChessBase"]
[SourceDate "2008.11.26"]
[SourceVersion "1"]
[SourceVersionDate "2008.11.26"]
[SourceQuality "1"]

1. e4 e6 2. d4 d5 3. Nc3 Bb4 4. e5 Ne7 5. Qg4 c5 6. a3 Bxc3+ 7. bxc3 0-0 8. Bd3 Nbc6 9. Qh5 Ng6 10. Nf3 Qc7 11. 0-0 c4 12. Be2 f6 13. exf6 Rxf6 14. Re1 Bd7 15. Ng5 h6 16. Nh3 Qa5 17. Bd2 Nxd4 18. Bxc4 Nxc2 19. Bd3 Nxa1 20. Bxg6 Nb3 21. Bxh6 Qxc3 22. Rb1 gxh6 23. Qxh6 Rc8 24. g3 Be8 25. Qh7+ Kf8 26. Qh8+ Ke7 27. Bxe8 Rxe8 28. Qg7+ Kd6 29. Rxb3 Qa1+ 0-1